Downton Abbey Characters Sudden Death - Statistics

General Stats
  • This quiz has been taken 126 times
  • The average score is 16 of 22
Answers on the Grid
Answers color-coded by a green-red scale on the quiz's grid according to % correct below.
Lady Mary Crawley
Lady Rose Aldridge
Marchioness Edith Pelham
Countess Patricia Lascelles
Mrs Anna Bates
Earl George Villiers
Mr Matthew Crawley
Mrs Martha Levinson
Sir Francis Walsingham
Mrs Beryl Patmore
Lady Georgiana Leicester
Lady Margaret Armstrong
Baroness Merton Isobel Grey
Lady Beatrice Graham
Earl of Grantham Robert Crawley
Miss Phyllis Baxter
Mr Alfred Nugent
Mrs Gwen Harding
Miss Lavinia Swire
Mr Thomas Paine
Dowager Countess Violet Crawley
Lady Elizabeth Foster
Mr Charles Carson
Mr Joseph Molesley
Sir Gilbert de Haydock
Mr Septimus Spratt
Lady Rosamund Painswick
Mr Michael Gregson
Mr Tom Branson
Lady Margaret Legh
Mr George Murray
Marquess of Flintshire Hugh MacClare
 
Answer Stats
Answer % Correct
Mr Matthew Crawley
91%
Lady Mary Crawley
88%
Dowager Countess Violet Crawley
86%
Miss Lavinia Swire
86%
Mr Joseph Molesley
86%
Mr Charles Carson
84%
Earl of Grantham Robert Crawley
83%
Mrs Anna Bates
83%
Mr Tom Branson
83%
Lady Rosamund Painswick
78%
Mrs Beryl Patmore
78%
Mr Michael Gregson
74%
Miss Phyllis Baxter
73%
Lady Rose Aldridge
71%
Marchioness Edith Pelham
69%
Mrs Martha Levinson
68%
Mr Alfred Nugent
65%
Baroness Merton Isobel Grey
64%
Mrs Gwen Harding
63%
Mr Septimus Spratt
61%
Mr George Murray
58%
Marquess of Flintshire Hugh MacClare
56%
No matching quizzes found
Score Distribution
Percent of People with Each Score
Percentile by Number Answered
Your Score History
You have not taken this quiz